[Event "ROM-chT U16 Girls"]
[Site "Iasi"]
[Date "2018.07.16"]
[Round "4.1"]
[White "Apostol, Maria"]
[Black "Bucur, Denisa Andreea"]
[Result "0-1"]
[WhiteElo "1086"]
[BlackElo "2064"]
[PlyCount "90"]
[EventDate "2018.07.13"]
[EventType "team-tourn"]
[EventRounds "6"]
[EventCountry "ROU"]
[SourceTitle "EXT 2019"]
[Source "ChessBase"]
[SourceDate "2018.10.10"]
[SourceVersion "1"]
[SourceVersionDate "2018.10.10"]
[SourceQuality "1"]
[WhiteTeam "Iasi Politehnica"]
[BlackTeam "Bucharest Dinamo"]
[WhiteTeamCountry "ROU"]
[BlackTeamCountry "ROU"]

1. e4 c5 2. Nf3 e6 3. c3 d5 4. exd5 exd5 5. d4 Nc6 6. Be2 Bd6 7. dxc5 Bxc5 8. 0-0 Nge7 9. Bf4 0-0 10. Qd3 Bf5 11. Qd1 Re8 12. Kh1 Qb6 13. Bg3 Qxb2 14. Nbd2 Qxc3 15. Rc1 Qa3 16. Ne5 Bd6 17. Nb1 Bxb1 18. Rxb1 Bxe5 19. Bxe5 Nxe5 20. Re1 Qxa2 21. Bb5 N5c6 22. Ba4 Qxf2 23. Qd3 Qh4 24. Re3 Qxa4 25. Rbe1 Qc4 26. Qd2 a5 27. Rc1 Qb4 28. Qe2 a4 29. Ra1 a3 30. Qa2 Qb2 31. Rb3 Qxa2 32. Rxa2 Nf5 33. Rb1 b5 34. Raa1 b4 35. h3 a2 36. Kh2 axb1Q 37. Rxb1 Reb8 38. Rb3 Ra3 39. Rb2 b3 40. h4 Ra2 41. Rb1 b2 42. Kh3 h5 43. Kh2 Ra1 44. Rxa1 bxa1Q 45. Kh3 Qh1# 0-1

[Event "ROM-chT U16 Girls"]
[Site "Iasi"]
[Date "2018.07.15"]
[Round "3.1"]
[White "Apostol, Maria"]
[Black "Ciocan, Ariana Roxana"]
[Result "0-1"]
[WhiteElo "1086"]
[BlackElo "1293"]
[PlyCount "119"]
[EventDate "2018.07.13"]
[EventType "team-tourn"]
[EventRounds "6"]
[EventCountry "ROU"]
[SourceTitle "EXT 2019"]
[Source "ChessBase"]
[SourceDate "2018.10.10"]
[SourceVersion "1"]
[SourceVersionDate "2018.10.10"]
[SourceQuality "1"]
[WhiteTeam "Iasi Politehnica"]
[BlackTeam "Targu Mures"]
[WhiteTeamCountry "ROU"]
[BlackTeamCountry "ROU"]

1. e4 e5 2. Nf3 Nc6 3. Bc4 Bc5 4. c3 Nf6 5. 0-0 a6 6. Bb3 Ba7 7. d3 d6 8. h3 0-0 9. Nbd2 Ne7 10. Re1 Ng6 11. Nf1 c6 12. d4 h6 13. N3h2 Re8 14. Ng3 c5 15. Be3 exd4 16. cxd4 Nxe4 17. Nxe4 Rxe4 18. Qc2 Bf5 19. Bd5 Re5 20. Qc4 Re7 21. Rad1 Qe8 22. Nf3 Rc8 23. Qb3 cxd4 24. Nxd4 Bxd4 25. Rxd4 Qd7 26. Rb4 Rc7 27. Rf1 Be6 28. Bb6 Bxd5 29. Qxd5 Qc6 30. Qb3 Rcd7 31. a4 d5 32. Rd1 Re2 33. Rbd4 Ne7 34. R4d3 Qc2 35. Qxc2 Rxc2 36. Bd4 Rc4 37. a5 Nc6 38. b3 Rxd4 39. Rxd4 Nxd4 40. Rxd4 Kf8 41. Kf1 Ke7 42. Ke2 Kd6 43. b4 Ke5 44. Kd3 Rc7 45. f4+ Ke6 46. f5+ Kd6 47. Kd2 Rc4 48. Rxc4 dxc4 49. Kc3 Kd5 50. h4 h5 51. g3 f6 52. Kc2 Ke4 53. b5 axb5 54. a6 bxa6 55. g4 hxg4 56. h5 g3 57. h6 gxh6 58. Kb1 g2 59. Ka2 g1Q 60. Ka3 0-1